000 00519nam a22001937a 4500
005 20251108173638.0
008 250721s2004 xx 000 0 eng d
020 _a1845570928
082 1 4 _aJ/372.4/PIE
245 1 0 _aLet Me Read The Pied Piper of Hamelin /
264 1 _aindia :
_bNew Dawn Press Group,
_c2004.
300 _a26p.
490 0 _aLET ME READ
650 1 7 _aLEARNING
650 1 7 _aREADING
653 _aأطفال مرحلة متوسطة (6-9) سنوات
942 _2ddc
_cBK
999 _c108934
_d108934